000 00568nam a22001937a 4500
005 20251108164052.0
008 250721s1991 xx 000 0 ara d
082 1 4 _a814.9561/ريس
100 1 _aالريس، رياض نجيب
245 1 0 _aقبل أن تبهت الألوان صحافة ثلث قرن /
264 1 _aلندن :
_bرياض الريس،
_c1991.
300 _a599ص
650 1 7 _aالأدب العربي
650 1 7 _aالمقالات العربية
650 1 7 _aالسياسيون
650 1 7 _aسورية
942 _2ddc
_cBK
999 _c2801
_d2801